000
00231nam a2200097Ia 4500
005
20251222114355.0
008
251222s1900||||xx |||||||||||||| ||spa||
082
_a
DVD0093/C87/2006/Ej.2
245
0
_a
Historia de un bebé:
942
_c
DVD
999
_c
1396
_d
1396